Т. 2 : Русская литература XX века: Литературоведческий словарь; Русская литература XIX-XX веков

Dades bibliogràfiques
Parent link:Русская литература XIX-XX веков: учебное пособие для поступающих в МГУ/ Московский государственный университет им. М. В. Ломоносова, Филологический факультет; сост. и науч. ред. Б. С. Бугров, М. М. Голубков. Т. 2 : Русская литература XX века: Литературоведческий словарь.— 2-е изд., доп. и перераб..— , 2000-.— 5-7567-0242-3
Sumari:Исключено из фонда НТБ ТПУ
Idioma:rus
Publicat: 2000
Format: Llibre
KOHA link:https://koha.lib.tpu.ru/cgi-bin/koha/opac-detail.pl?biblionumber=25651

MARC

LEADER 00000nam2a2200000 4500
001 25651
005 20231030201038.0
010 |a 5756702474 
035 |a (RuTPU)RU\TPU\book\25888 
035 |a BOOK00025963 
090 |a 25651 
100 |a 20011209d2000 km y0rusy50 ca 
101 0 |a rus 
102 |a RU 
105 |a y ej 000ad 
200 0 |a Т. 2 : Русская литература XX века  |e Литературоведческий словарь 
210 |d 2000 
215 |a 462 с. 
333 |a Исключено из фонда НТБ ТПУ 
461 1 |0 (RuTPU)RU\TPU\book\15003  |y 5-7567-0242-3  |t Русская литература XIX-XX веков  |o учебное пособие для поступающих в МГУ   |f Московский государственный университет им. М. В. Ломоносова, Филологический факультет; сост. и науч. ред. Б. С. Бугров, М. М. Голубков  |v Т. 2 : Русская литература XX века: Литературоведческий словарь  |e 2-е изд., доп. и перераб.  |d 2000- 
675 |a 8Р2(07)  |v 3 
801 0 |a RU  |b 63413507  |c 20011209  |g PSBO 
801 2 |a RU  |b 63413507  |c 20220530  |g PSBO 
942 |c BK